[Event "Bayerische Einzelmeisterschaft 2011 Damen"]
[Site "?"]
[Date "2011.08.20"]
[Round "1.1"]
[White "Müller, Liliane"]
[Black "Lorenz, Oda"]
[Result "1-0"]
[WhiteElo "1646"]
[BlackElo "1870"]
[PlyCount "87"]
[EventDate "2011.??.??"]
[WhiteTeam "1.Schachklub Neuperlach e.V."]
[BlackTeam "Schachges. Augsburg 1873"]

1. d4 Nf6 2. c4 c5 3. d5 b5 4. e3 b4 5. Nf3 g6 6. Bd3 Bg7 7. O-O d6 8. a3 bxa3
9. Rxa3 O-O 10. Nbd2 Na6 11. Nb3 Nb4 12. Na5 Qc7 13. Bb1 Bg4 14. h3 Bd7 15. e4
Rfb8 16. Re1 e6 17. Bf4 Nh5 18. Bc1 e5 19. Bd2 Nf4 20. Bxf4 exf4 21. Qd2 Bh6
22. e5 Re8 23. Be4 Rab8 24. Nc6 Bxc6 25. dxc6 Nxc6 26. exd6 Qd7 27. Bxc6 Rxe1+
28. Nxe1 Qxc6 29. Rxa7 Rd8 30. d7 Qb6 31. Ra3 Qe6 32. Rd3 Qxc4 33. Nf3 Bg7 34.
b3 Qb4 35. Qe2 Qb5 36. Qe7 Qb6 37. Rd6 Qb8 38. Ng5 f3 39. Qxf7+ Kh8 40. Qd5 Bf8
41. Qf7 Bg7 42. Re6 Rf8 43. Re8 Qd6 44. Rxf8+ 1-0

[Event "Bayerische Einzelmeisterschaft 2011 Damen"]
[Site "?"]
[Date "2011.08.20"]
[Round "1.2"]
[White "Zwetz, Anita"]
[Black "Schäfer, Ann-Kathrin"]
[Result "1-0"]
[WhiteElo "1863"]
[BlackElo "1626"]
[PlyCount "115"]
[EventDate "2011.??.??"]
[WhiteTeam "TSV Kareth-Lappersdorf"]
[BlackTeam "SC Bechhofen 1923 e.V."]

1. d4 Nf6 2. Bg5 d6 3. Nf3 Nbd7 4. Nbd2 g6 5. e3 Bg7 6. c3 O-O 7. Bd3 c5 8. O-O
Rb8 9. Qe2 a6 10. e4 Ne8 11. Qe3 b5 12. Bh6 Nc7 13. Bxg7 Kxg7 14. Rad1 c4 15.
Be2 d5 16. e5 Rb6 17. Nh4 f6 18. f4 Kh8 19. Rf3 Rg8 20. Rg3 Nf8 21. Qf2 Nfe6
22. f5 g5 23. fxe6 gxh4 24. Rxg8+ Qxg8 25. exf6 Rxe6 26. fxe7 h3 27. Bf3 Rxe7
28. Qh4 Rg7 29. g3 Qe8 30. Nf1 Qf8 31. Qh5 Be6 32. Re1 Qf6 33. Bd1 Rf7 34. Qe2
Bg4 35. Qe5 Qxe5 36. dxe5 Bxd1 37. Rxd1 Re7 38. Re1 Kg7 39. Kf2 Kg6 40. Kf3 Kf5
41. g4+ Kg5 42. Kg3 Na8 43. Nd2 Nb6 44. Nf3+ Kg6 45. Kxh3 Nd7 46. Kg3 Nc5 47.
Nh4+ Kg5 48. Nf5 Re6 49. h4+ Kg6 50. Nd6 Nd3 51. h5+ Kg7 52. Nf5+ Kf7 53. Rf1
Rxe5 54. Nd4+ Kg7 55. b4 Re2 56. g5 Rxa2 57. Ne6+ Kg8 58. Rf8# 1-0

[Event "Bayerische Einzelmeisterschaft 2011 Damen"]
[Site "?"]
[Date "2011.08.20"]
[Round "1.3"]
[White "Stegmaier, Erika"]
[Black "Roos, Karin"]
[Result "0-1"]
[WhiteElo "1614"]
[BlackElo "1826"]
[PlyCount "88"]
[EventDate "2011.??.??"]
[WhiteTeam "1.Schachklub Neuperlach e.V."]
[BlackTeam "FC Bayern München e.V."]

1. c4 Nf6 2. g3 d5 3. cxd5 Nxd5 4. Bg2 c6 5. e3 Nd7 6. Ne2 N7f6 7. Nbc3 Bg4 8.
a3 e6 9. O-O Be7 10. Qc2 O-O 11. d4 Rc8 12. b4 a5 13. bxa5 Qxa5 14. Bb2 Rfd8
15. Nc1 b6 16. Nd3 Nxc3 17. Bxc3 Qh5 18. Nf4 Qb5 19. h3 Bf5 20. e4 Bg6 21. Nxg6
hxg6 22. Rfb1 Qa6 23. Bf1 Qa7 24. Qb2 Nxe4 25. Bb4 c5 26. dxc5 bxc5 27. Be1 Bf6
28. Qc2 Bxa1 29. Rxa1 Nf6 30. Bg2 Rd4 31. Bd2 Ra4 32. Qc3 Nd5 33. Qf3 c4 34.
Bf1 c3 35. Bc1 Qd4 36. Rb1 Qe4 37. Qd3 Qxd3 38. Bxd3 Rd4 39. Be2 c2 40. Ra1
Rd1+ 41. Bf1 Rb8 42. Kg2 Rb1 43. Ra2 Rdxc1 44. Bd3 Rg1+ 0-1

[Event "Bayerische Einzelmeisterschaft 2011 Damen"]
[Site "?"]
[Date "2011.08.20"]
[Round "1.4"]
[White "Heyne, Regina"]
[Black "Huber, Dorit"]
[Result "1-0"]
[WhiteElo "1812"]
[BlackElo "1576"]
[PlyCount "49"]
[EventDate "2011.??.??"]
[WhiteTeam "FC Bayern München e.V."]
[BlackTeam "SC Unterpfaffenhofen"]

1. d4 f5 2. c4 Nf6 3. Nf3 g6 4. Nc3 Bg7 5. e3 d6 6. Be2 O-O 7. O-O c6 8. b4
Nbd7 9. Qb3 c5 10. a3 a6 11. Bb2 Qc7 12. Rfd1 e5 13. dxe5 dxe5 14. Nd5 Nxd5 15.
cxd5 Qd6 16. Rac1 cxb4 17. axb4 b5 18. Rc6 Qb8 19. d6+ Kh8 20. Rc7 Ra7 21. Rdc1
e4 22. Bxg7+ Kxg7 23. Ng5 Kh8 24. Qc3+ Kg8 25. Ne6 1-0

[Event "Bayerische Einzelmeisterschaft 2011 Damen"]
[Site "?"]
[Date "2011.08.20"]
[Round "1.5"]
[White "Janekovic, Vera"]
[Black "Ludwig, Ines"]
[Result "1-0"]
[WhiteElo "1592"]
[BlackElo "1714"]
[PlyCount "99"]
[EventDate "2011.??.??"]
[WhiteTeam "FC Bayern München e.V."]
[BlackTeam "SC Mühlhof-Reichelsdorf e.V."]

1. e4 c5 2. c3 e5 3. Nf3 d6 4. Be2 Nf6 5. O-O Nxe4 6. Qa4+ Bd7 7. Qxe4 Bc6 8.
Qc2 Be7 9. d4 e4 10. Nfd2 d5 11. dxc5 Bxc5 12. Nb3 Bb6 13. Nd4 O-O 14. Be3 Qd7
15. Nd2 f5 16. Bf4 Qe7 17. Bxb8 Raxb8 18. N2b3 f4 19. Nxc6 bxc6 20. Nd4 Rbc8
21. Bg4 Ra8 22. Nxc6 Qd6 23. Nd4 Rae8 24. Rae1 g6 25. Qd1 Re5 26. h4 h5 27. Bh3
e3 28. fxe3 fxe3 29. Rxf8+ Qxf8 30. Qe2 Qf4 31. Rf1 Qxh4 32. Nf3 Qc4 33. Re1
Qxe2 34. Rxe2 Re7 35. Nd4 Kg7 36. Kf1 Bc7 37. Ne6+ Kf6 38. Nxc7 Rxc7 39. Rxe3
Rc6 40. Ke2 g5 41. g4 h4 42. Bg2 Rd6 43. Kd3 Re6 44. Rxe6+ Kxe6 45. Kd4 Kd6 46.
Bxd5 h3 47. Bh1 h2 48. c4 a6 49. c5+ Kc7 50. Ke5 1-0

[Event "Bayerische Einzelmeisterschaft 2011 Damen"]
[Site "?"]
[Date "2011.08.20"]
[Round "1.6"]
[White "Weiss, Monika"]
[Black "Nietzer, Ingrid"]
[Result "1-0"]
[WhiteElo "1652"]
[BlackElo "1164"]
[PlyCount "79"]
[EventDate "2011.??.??"]
[WhiteTeam "SC Bavaria Regensb.1881"]
[BlackTeam "SK Keres-Augsburg 1980"]

1. e4 e5 2. f4 d6 3. Nf3 Nd7 4. Bc4 h6 5. d3 Ngf6 6. O-O Be7 7. Be3 O-O 8. h3
c6 9. fxe5 dxe5 10. a3 Bd6 11. Nc3 Bc7 12. b4 b5 13. Bb3 a5 14. Qe2 a4 15. Ba2
Nh5 16. Qf2 Kh7 17. g4 Nf4 18. Kh2 f6 19. Ne2 g5 20. Nxf4 exf4 21. Bd2 Ne5 22.
Bc3 Bb6 23. Qe2 Nxf3+ 24. Qxf3 Bd4 25. Bxd4 Qxd4 26. c3 Qxc3 27. Qd1 Qxa3 28.
Qd2 c5 29. bxc5 Qxc5 30. Rac1 Qd4 31. Rc7+ Kg6 32. Qc2 b4 33. Bd5 b3 34. Qc6
Qb2+ 35. Kg1 Rb8 36. Qd6 Qd4+ 37. Kg2 Qb2+ 38. Rf2 Qe5 39. Qxf8 Qxc7 40. Qe8+
1-0

[Event "Bayerische Einzelmeisterschaft 2011 Damen"]
[Site "?"]
[Date "2011.08.21"]
[Round "2.1"]
[White "Weiss, Monika"]
[Black "Zwetz, Anita"]
[Result "0-1"]
[WhiteElo "1652"]
[BlackElo "1863"]
[PlyCount "58"]
[EventDate "2011.??.??"]
[WhiteTeam "SC Bavaria Regensb.1881"]
[BlackTeam "TSV Kareth-Lappersdorf"]

1. e4 e6 2. d4 d5 3. e5 c5 4. c3 Nc6 5. Nf3 Bd7 6. a3 Rc8 7. Bd3 cxd4 8. cxd4
Qb6 9. Bc2 g5 10. Nc3 Nxd4 11. Nxd4 Bc5 12. Na4 Bxa4 13. Bxa4+ Kf8 14. Be3 Qxb2
15. Nxe6+ fxe6 16. O-O Qxe5 17. Rc1 b6 18. Re1 Qf6 19. Bxc5+ Rxc5 20. Rxc5 bxc5
21. Qh5 Ne7 22. Bd7 e5 23. Re3 e4 24. h4 h6 25. f3 Kg7 26. fxe4 Qa1+ 27. Kh2
Qe5+ 28. Kh3 Ng6 29. Bf5 Nf4+ 0-1

[Event "Bayerische Einzelmeisterschaft 2011 Damen"]
[Site "?"]
[Date "2011.08.21"]
[Round "2.2"]
[White "Roos, Karin"]
[Black "Müller, Liliane"]
[Result "0-1"]
[WhiteElo "1826"]
[BlackElo "1646"]
[PlyCount "57"]
[EventDate "2011.??.??"]
[WhiteTeam "FC Bayern München e.V."]
[BlackTeam "1.Schachklub Neuperlach e.V."]

1. e4 e6 2. Nf3 d5 3. exd5 exd5 4. d4 Bf5 5. Bd3 Bxd3 6. Qxd3 Nf6 7. Qb5+ Nbd7
8. Qxb7 Bd6 9. O-O O-O 10. Qa6 Ne4 11. Nbd2 Ndf6 12. b3 Re8 13. Bb2 Re6 14. Qd3
Rc8 15. Ne5 c5 16. Ndf3 Qc7 17. Rac1 cxd4 18. Qxd4 Bc5 19. Qd1 Qb6 20. Bd4 Bxd4
21. Nxd4 Rxe5 22. c4 dxc4 23. bxc4 Ree8 24. Nf5 Rcd8 25. Qa4 Qc5 26. Ne3 Nxf2
27. Rxf2 Qxe3 28. Rd1 Rxd1+ 29. Qxd1 0-1

[Event "Bayerische Einzelmeisterschaft 2011 Damen"]
[Site "?"]
[Date "2011.08.21"]
[Round "2.3"]
[White "Janekovic, Vera"]
[Black "Heyne, Regina"]
[Result "0-1"]
[WhiteElo "1592"]
[BlackElo "1812"]
[PlyCount "90"]
[EventDate "2011.??.??"]
[WhiteTeam "FC Bayern München e.V."]
[BlackTeam "FC Bayern München e.V."]

1. e4 e6 2. d4 d5 3. exd5 exd5 4. Nf3 Be7 5. Be2 Nf6 6. O-O O-O 7. Nc3 h6 8. h3
Bf5 9. Re1 Re8 10. Bd3 Bxd3 11. Qxd3 c6 12. Bf4 Nbd7 13. Re2 Nb6 14. Rae1 Qd7
15. Ne5 Qc7 16. Qf5 Qc8 17. Qd3 Bb4 18. a3 Bxc3 19. Qxc3 Qf5 20. Qf3 Ne4 21. g4
Qf6 22. Kh2 g5 23. Bg3 Qxf3 24. Nxf3 Re6 25. Ne5 f6 26. Nd3 Rae8 27. f3 Nc5 28.
Rxe6 Nxe6 29. f4 Kf7 30. fxg5 hxg5 31. c3 Nc4 32. Re2 a6 33. Rf2 Kg6 34. h4 Ne3
35. h5+ Kg7 36. Kh3 Nc4 37. Kg2 Nd8 38. Kf3 Re3+ 39. Kg2 Rxd3 40. h6+ Kg6 41.
h7 Nf7 42. Be5 Rd2 43. Rxd2 Nxd2 44. Bg3 Kxh7 45. Be1 Nc4 0-1

[Event "Bayerische Einzelmeisterschaft 2011 Damen"]
[Site "?"]
[Date "2011.08.21"]
[Round "2.4"]
[White "Lorenz, Oda"]
[Black "Stegmaier, Erika"]
[Result "1-0"]
[WhiteElo "1870"]
[BlackElo "1614"]
[PlyCount "79"]
[EventDate "2011.??.??"]
[WhiteTeam "Schachges. Augsburg 1873"]
[BlackTeam "1.Schachklub Neuperlach e.V."]

1. e4 c5 2. d4 cxd4 3. c3 dxc3 4. Nxc3 Nc6 5. Nf3 e6 6. Bc4 d6 7. O-O Nf6 8.
Bg5 Be7 9. Bf4 O-O 10. Nb5 Nxe4 11. Qe2 Nf6 12. Rfd1 a6 13. Nxd6 Qb6 14. Bb3
Bd7 15. Rac1 Na5 16. Bc2 Rad8 17. a3 Bc6 18. Ng5 h6 19. Nxe6 fxe6 20. Qxe6+ Kh8
21. Qxe7 Bd5 22. Nf5 Rf7 23. Qe5 Qxf2+ 24. Kxf2 Ng4+ 25. Kg3 Nxe5 26. Bxe5 Nc6
27. Bc3 Nb8 28. Nxh6 Re7 29. Nf5 Rf7 30. Ne3 Rfd7 31. Rd4 Nc6 32. Rh4+ Kg8 33.
Nxd5 Rxd5 34. Bb3 Ne7 35. Rf4 Kh8 36. Bxd5 Rxd5 37. Rcf1 Ng6 38. Rg4 Kh7 39.
Rf7 Rd3+ 40. Kf2 1-0

[Event "Bayerische Einzelmeisterschaft 2011 Damen"]
[Site "?"]
[Date "2011.08.21"]
[Round "2.5"]
[White "Ludwig, Ines"]
[Black "Huber, Dorit"]
[Result "1-0"]
[WhiteElo "1714"]
[BlackElo "1576"]
[PlyCount "56"]
[EventDate "2011.??.??"]
[WhiteTeam "SC Mühlhof-Reichelsdorf e.V."]
[BlackTeam "SC Unterpfaffenhofen"]

1. d4 f5 2. f4 Nf6 3. e3 g6 4. Nf3 Bg7 5. Nbd2 O-O 6. Bc4+ e6 7. a3 Re8 8. O-O
d6 9. Qe1 h6 10. Ba2 Nbd7 11. e4 Kh7 12. e5 dxe5 13. fxe5 Nd5 14. Nc4 c5 15.
Nd6 Re7 16. Qh4 cxd4 17. Bg5 Nc5 18. Bxe7 Qxe7 19. Qxe7 Nxe7 20. Ne8 Bd7 21.
Nxg7 Kxg7 22. Nxd4 Kf7 23. g4 Rg8 24. Rae1 Ne4 25. Rxe4 Bc6 26. Bxe6+ Kf8 27.
Nxc6 Nxc6 28. Bxg8 Kxg8 1-0

[Event "Bayerische Einzelmeisterschaft 2011 Damen"]
[Site "?"]
[Date "2011.08.21"]
[Round "2.6"]
[White "Schäfer, Ann-Kathrin"]
[Black "Nietzer, Ingrid"]
[Result "1-0"]
[WhiteElo "1626"]
[BlackElo "1164"]
[PlyCount "79"]
[EventDate "2011.??.??"]
[WhiteTeam "SC Bechhofen 1923 e.V."]
[BlackTeam "SK Keres-Augsburg 1980"]

1. e4 e5 2. f4 d6 3. Nf3 Nc6 4. Nc3 Nf6 5. Bb5 Bd7 6. O-O a6 7. Bxc6 Bxc6 8.
fxe5 dxe5 9. d3 Be7 10. Kh1 Nd7 11. Qe1 O-O 12. Qg3 f6 13. Nh4 Kh8 14. Qh3 Rf7
15. Rf3 Nf8 16. Nf5 Bd7 17. Qh4 Ne6 18. Be3 Ng5 19. Rf2 Bxf5 20. Rxf5 g6 21.
Rf2 Qg8 22. Nd5 Bd8 23. Raf1 Qg7 24. Qg4 h5 25. Qh4 Nh7 26. Qh3 c6 27. Nc3 Be7
28. Na4 Raf8 29. Nc5 Bxc5 30. Bxc5 Rd8 31. Qe6 Re8 32. Qxe8+ Nf8 33. Bxf8 Rxf8
34. Qe6 Kh7 35. Rxf6 Rxf6 36. Rxf6 Kh6 37. Qxe5 Qd7 38. Qf4+ Kg7 39. Rd6 Qc7
40. Rxg6+ 1-0

[Event "Bayerische Einzelmeisterschaft 2011 Damen"]
[Site "?"]
[Date "2011.08.22"]
[Round "3.1"]
[White "Zwetz, Anita"]
[Black "Heyne, Regina"]
[Result "1-0"]
[WhiteElo "1863"]
[BlackElo "1812"]
[PlyCount "59"]
[EventDate "2011.??.??"]
[WhiteTeam "TSV Kareth-Lappersdorf"]
[BlackTeam "FC Bayern München e.V."]

1. d4 d5 2. Nf3 c6 3. Bf4 Bf5 4. Nbd2 Na6 5. c3 e6 6. e3 Qb6 7. b4 Be7 8. h3
Nf6 9. a3 O-O 10. Ne5 Rfd8 11. Be2 Re8 12. g4 Bg6 13. Nxg6 fxg6 14. g5 Nd7 15.
h4 Qd8 16. Nf3 Nf8 17. Qd3 Nc7 18. h5 gxh5 19. Rxh5 g6 20. Rh6 Nb5 21. Kd2 Nd6
22. Bxd6 Bxd6 23. Rah1 e5 24. dxe5 Bxe5 25. Nxe5 Rxe5 26. f4 Rf5 27. Bh5 Rf7
28. Bxg6 Nxg6 29. Qxg6+ hxg6 30. Rh8+ 1-0

[Event "Bayerische Einzelmeisterschaft 2011 Damen"]
[Site "?"]
[Date "2011.08.22"]
[Round "3.2"]
[White "Müller, Liliane"]
[Black "Ludwig, Ines"]
[Result "1/2-1/2"]
[WhiteElo "1646"]
[BlackElo "1714"]
[PlyCount "125"]
[EventDate "2011.??.??"]
[WhiteTeam "1.Schachklub Neuperlach e.V."]
[BlackTeam "SC Mühlhof-Reichelsdorf e.V."]

1. d4 d5 2. c4 e6 3. Nc3 f5 4. Nf3 c6 5. Bf4 Bd6 6. Ne5 Nf6 7. e3 O-O 8. Be2
Ne4 9. h4 Qc7 10. c5 Bxe5 11. Bxe5 Qa5 12. Qc2 Nd7 13. Bf4 Re8 14. O-O Qd8 15.
Nxe4 fxe4 16. h5 e5 17. dxe5 Nxe5 18. Qc3 Qf6 19. Bxe5 Rxe5 20. f4 exf3 21.
Bxf3 Qg5 22. Rae1 Qg3 23. e4 dxe4 24. Qd4 Bf5 25. Bxe4 Bxe4 26. Rxe4 Rxh5 27.
Qd6 Qxd6 28. cxd6 Rd5 29. Re7 Rxd6 30. Rff7 Rg6 31. Rxb7 a5 32. Rfc7 h6 33. Rb6
Rd8 34. Rbxc6 Rxc6 35. Rxc6 Ra8 36. Rb6 Kf7 37. a3 Ra7 38. a4 h5 39. Rb5 g6 40.
g3 Ra6 41. Kg2 Kf6 42. Kf3 g5 43. b3 Kg6 44. Ke3 h4 45. gxh4 gxh4 46. Kf2 Rc6
47. Rxa5 Rc2+ 48. Kg1 Rb2 49. Rb5 Kf6 50. a5 Ke6 51. b4 Kd6 52. Rb6+ Kc7 53.
Kh1 h3 54. b5 h2 55. Rc6+ Kb7 56. Rc5 Ka7 57. Rc7+ Kb8 58. b6 Ra2 59. Ra7 Rb2
60. Rh7 Ra2 61. Ra7 Rb2 62. Rg7 Ra2 63. Rg5 1/2-1/2

[Event "Bayerische Einzelmeisterschaft 2011 Damen"]
[Site "?"]
[Date "2011.08.22"]
[Round "3.3"]
[White "Lorenz, Oda"]
[Black "Weiss, Monika"]
[Result "1-0"]
[WhiteElo "1870"]
[BlackElo "1652"]
[PlyCount "120"]
[EventDate "2011.??.??"]
[WhiteTeam "Schachges. Augsburg 1873"]
[BlackTeam "SC Bavaria Regensb.1881"]

1. e4 d6 2. d4 Nf6 3. Nc3 g6 4. Be2 Bg7 5. g4 h5 6. g5 Nfd7 7. Be3 e5 8. h4 Nc6
9. Nf3 exd4 10. Nxd4 Nde5 11. Nxc6 Nxc6 12. Qd2 Ne5 13. f4 Ng4 14. Bd4 Bxd4 15.
Qxd4 O-O 16. O-O-O a6 17. Nd5 f5 18. Bc4 Kh7 19. e5 c6 20. Nf6+ Nxf6 21. exf6
d5 22. Rhe1 Rf7 23. Re5 Qf8 24. Be2 Bd7 25. Re1 Re8 26. Qd1 Rxe5 27. fxe5 Kg8
28. c3 Rh7 29. Bd3 Be6 30. Rf1 b5 31. Rf4 c5 32. b3 Rb7 33. Be2 Qf7 34. Qg1 Qf8
35. Kb2 Kf7 36. Qd1 Ke8 37. Bxh5 gxh5 38. Qxh5+ Kd7 39. g6 Kc6 40. Qg5 Qb8 41.
f7 Qf8 42. Qf6 Kd7 43. h5 Rb8 44. Qg5 Qg7 45. h6 Qxe5 46. g7 Qe2+ 47. Ka3 Bxf7
48. h7 b4+ 49. cxb4 cxb4+ 50. Rxb4 Rxb4 51. Kxb4 Qb5+ 52. Kc3 Qc5+ 53. Kd2 Qf2+
54. Kd3 Qf1+ 55. Kd4 Qd1+ 56. Ke5 Qe2+ 57. Kd4 Qd1+ 58. Kc3 d4+ 59. Kb2 Qe2+
60. Ka3 d3 1-0

[Event "Bayerische Einzelmeisterschaft 2011 Damen"]
[Site "?"]
[Date "2011.08.22"]
[Round "3.4"]
[White "Schäfer, Ann-Kathrin"]
[Black "Roos, Karin"]
[Result "0-1"]
[WhiteElo "1626"]
[BlackElo "1826"]
[PlyCount "80"]
[EventDate "2011.??.??"]
[WhiteTeam "SC Bechhofen 1923 e.V."]
[BlackTeam "FC Bayern München e.V."]

1. e4 d5 2. exd5 Nf6 3. Nf3 Nxd5 4. Bc4 c6 5. d4 Bf5 6. O-O e6 7. Bg5 Be7 8.
Bxe7 Nxe7 9. Nbd2 Nd7 10. c3 O-O 11. Nh4 Bg6 12. Nxg6 Nxg6 13. f4 Nb6 14. Bd3
Nd5 15. Qh5 Nf6 16. Qh3 Re8 17. Rae1 Qc7 18. Ne4 Nxe4 19. Bxe4 f5 20. Bc2 Nxf4
21. Qe3 Nd5 22. Qe2 Re7 23. Qd3 Rf8 24. Re5 Nf6 25. Bb3 Ng4 26. Rfxf5 Nxe5 27.
Rxe5 Rf6 28. Qe4 Qd7 29. Bc2 g6 30. Qh4 Ref7 31. Bd3 Qe7 32. Qe1 Rf8 33. Bc4
Re8 34. Qe2 Kg7 35. Qg4 Qf7 36. Qg3 Rf5 37. Re4 Qf6 38. Qe3 e5 39. d5 cxd5 40.
Bxd5 Rf1# 0-1

[Event "Bayerische Einzelmeisterschaft 2011 Damen"]
[Site "?"]
[Date "2011.08.22"]
[Round "3.5"]
[White "Huber, Dorit"]
[Black "Janekovic, Vera"]
[Result "1-0"]
[WhiteElo "1576"]
[BlackElo "1592"]
[PlyCount "71"]
[EventDate "2011.??.??"]
[WhiteTeam "SC Unterpfaffenhofen"]
[BlackTeam "FC Bayern München e.V."]

1. f4 Nf6 2. Nf3 d6 3. g3 g6 4. Bg2 Bg7 5. O-O O-O 6. d3 c6 7. e4 Qb6+ 8. Kh1
Ng4 9. c3 Nf2+ 10. Rxf2 Qxf2 11. d4 Bg4 12. Na3 h5 13. Nc2 f5 14. Be3 Qxe3 15.
Nxe3 fxe4 16. Nxg4 exf3 17. Qxf3 hxg4 18. Qxg4 Kh7 19. Re1 Bf6 20. f5 g5 21.
Qh5+ Kg8 22. Qg6+ Kh8 23. g4 Nd7 24. Re3 Bg7 25. Rh3+ Kg8 26. Qe6+ Rf7 27. Qxd7
d5 28. Qxb7 Raf8 29. Qxc6 Rf6 30. Bxd5+ e6 31. Bxe6+ R8f7 32. Qe8+ Bf8 33.
Bxf7+ Rxf7 34. Rh8+ Kg7 35. Qe5+ Rf6 36. Rxf8 1-0

[Event "Bayerische Einzelmeisterschaft 2011 Damen"]
[Site "?"]
[Date "2011.08.22"]
[Round "3.6"]
[White "Nietzer, Ingrid"]
[Black "Stegmaier, Erika"]
[Result "1/2-1/2"]
[WhiteElo "1164"]
[BlackElo "1614"]
[PlyCount "63"]
[EventDate "2011.??.??"]
[WhiteTeam "SK Keres-Augsburg 1980"]
[BlackTeam "1.Schachklub Neuperlach e.V."]

1. e4 c5 2. Bc4 e6 3. Nc3 Nc6 4. Nf3 a6 5. a4 d6 6. O-O Nf6 7. d4 cxd4 8. Nxd4
Be7 9. Nxc6 bxc6 10. Re1 Qc7 11. Bf4 e5 12. Bg3 O-O 13. h3 Bb7 14. f4 exf4 15.
Bxf4 Qb6+ 16. Kh1 Rad8 17. b3 Rfe8 18. Bd3 g6 19. e5 dxe5 20. Bxe5 c5 21. Qd2
Qc6 22. Re2 Qc8 23. Qh6 Bf8 24. Qh4 Nh5 25. Rf1 Be7 26. Qg4 Qxg4 27. hxg4 Ng7
28. Rfe1 Bh4 29. Rf1 Ne6 30. Ne4 Bxe4 31. Rxe4 Bg5 32. Bxa6 1/2-1/2

[Event "Bayerische Einzelmeisterschaft 2011 Damen"]
[Site "?"]
[Date "2011.08.23"]
[Round "4.1"]
[White "Müller, Liliane"]
[Black "Zwetz, Anita"]
[Result "1/2-1/2"]
[WhiteElo "1646"]
[BlackElo "1863"]
[PlyCount "56"]
[EventDate "2011.??.??"]
[WhiteTeam "1.Schachklub Neuperlach e.V."]
[BlackTeam "TSV Kareth-Lappersdorf"]

1. d4 d5 2. c4 c6 3. Nc3 Nf6 4. e3 e6 5. Bd3 dxc4 6. Bxc4 b5 7. Bd3 Bb7 8. Nf3
a6 9. O-O Nbd7 10. Re1 c5 11. e4 cxd4 12. Nxd4 Bc5 13. Nb3 Bb6 14. Be3 O-O 15.
Rc1 Ne5 16. Bb1 Bxe3 17. Rxe3 Nc4 18. Re2 Qc7 19. h3 Rfd8 20. Qc2 Rac8 21. Nd2
Nxd2 22. Rxd2 Rxd2 23. Qxd2 Qb6 24. Rd1 h6 25. a3 Qc6 26. f3 Qc5+ 27. Qf2 Qe5
28. Qd4 Qc7 1/2-1/2

[Event "Bayerische Einzelmeisterschaft 2011 Damen"]
[Site "?"]
[Date "2011.08.23"]
[Round "4.2"]
[White "Roos, Karin"]
[Black "Lorenz, Oda"]
[Result "0-1"]
[WhiteElo "1826"]
[BlackElo "1870"]
[PlyCount "54"]
[EventDate "2011.??.??"]
[WhiteTeam "FC Bayern München e.V."]
[BlackTeam "Schachges. Augsburg 1873"]

1. e4 e5 2. Nf3 Nc6 3. d4 exd4 4. Nxd4 Nf6 5. Nxc6 bxc6 6. Nc3 Bb4 7. Bd3 h6 8.
Bd2 O-O 9. O-O d6 10. a3 Bc5 11. b4 Bd4 12. Rb1 a5 13. Ne2 Bb6 14. c4 axb4 15.
axb4 Bg4 16. Kh1 Ra3 17. Bc1 Ra2 18. Rb2 Ra1 19. Qc2 Bxe2 20. Qxe2 Bd4 21. Rb1
Qe7 22. f3 Rfa8 23. Rxa1 Rxa1 24. Bf4 Nh5 25. Bd2 Qh4 26. g3 Nxg3+ 27. Kg2 Nxf1
0-1

[Event "Bayerische Einzelmeisterschaft 2011 Damen"]
[Site "?"]
[Date "2011.08.23"]
[Round "4.3"]
[White "Heyne, Regina"]
[Black "Ludwig, Ines"]
[Result "1-0"]
[WhiteElo "1812"]
[BlackElo "1714"]
[PlyCount "71"]
[EventDate "2011.??.??"]
[WhiteTeam "FC Bayern München e.V."]
[BlackTeam "SC Mühlhof-Reichelsdorf e.V."]

1. d4 d5 2. c4 e6 3. Nf3 c6 4. Nc3 f5 5. e3 Bd6 6. Be2 Nd7 7. O-O Ngf6 8. a3
O-O 9. b4 Ne4 10. Qc2 Rf6 11. Nd2 Bxh2+ 12. Kh1 Rh6 13. Nf3 Bc7+ 14. Kg1 Bh2+
15. Kh1 Bg3+ 16. Kg1 Bc7 17. g3 g5 18. Kg2 Qf6 19. cxd5 Nxc3 20. Qxc3 exd5 21.
Bb2 f4 22. Rh1 g4 23. Rxh6 gxf3+ 24. Bxf3 Qxh6 25. Bxd5+ Kg7 26. Be4 fxg3 27.
Rh1 Qf6 28. Rxh7+ Kf8 29. fxg3 Qd6 30. Rh8+ Kg7 31. d5+ Qe5 32. Qb3 Kxh8 33.
Bxe5+ Nxe5 34. dxc6 Nxc6 35. Qf7 Bf5 36. Bxf5 1-0

[Event "Bayerische Einzelmeisterschaft 2011 Damen"]
[Site "?"]
[Date "2011.08.23"]
[Round "4.4"]
[White "Huber, Dorit"]
[Black "Weiss, Monika"]
[Result "0-1"]
[WhiteElo "1576"]
[BlackElo "1652"]
[PlyCount "56"]
[EventDate "2011.??.??"]
[WhiteTeam "SC Unterpfaffenhofen"]
[BlackTeam "SC Bavaria Regensb.1881"]

1. f4 d6 2. Nf3 Nf6 3. g3 g6 4. Bg2 Bg7 5. O-O c6 6. c3 Nbd7 7. d3 O-O 8. Qc2
e5 9. fxe5 dxe5 10. e4 Re8 11. Kh1 Nc5 12. Bg5 Qxd3 13. Qxd3 Nxd3 14. Nxe5 Rxe5
15. Bxf6 Bxf6 16. Rxf6 Nxb2 17. Nd2 Na4 18. Raf1 Be6 19. c4 Rd8 20. R1f2 Nb6
21. Bf1 Ra5 22. Nb3 Re5 23. Nd2 Nd7 24. Nf3 Rxe4 25. Ng5 Nxf6 26. Rxf6 Re1 27.
Kg2 Rd2+ 28. Kg1 Bxc4 0-1

[Event "Bayerische Einzelmeisterschaft 2011 Damen"]
[Site "?"]
[Date "2011.08.23"]
[Round "4.5"]
[White "Stegmaier, Erika"]
[Black "Schäfer, Ann-Kathrin"]
[Result "0-1"]
[WhiteElo "1614"]
[BlackElo "1626"]
[PlyCount "72"]
[EventDate "2011.??.??"]
[WhiteTeam "1.Schachklub Neuperlach e.V."]
[BlackTeam "SC Bechhofen 1923 e.V."]

1. c4 e5 2. g3 Nc6 3. Bg2 Nf6 4. Nc3 Bc5 5. e3 d6 6. Nge2 Bf5 7. d4 Bb6 8. a3
a5 9. O-O O-O 10. d5 Ne7 11. b3 Nd7 12. Na4 Ba7 13. Bb2 Nc5 14. Nxc5 Bxc5 15.
Nc3 Qd7 16. Ne4 Bb6 17. Rc1 Bg4 18. Qd2 f5 19. Ng5 Ng6 20. Qc3 f4 21. exf4 exf4
22. Rce1 Ne5 23. Re4 fxg3 24. Qxg3 Bf5 25. Rxe5 dxe5 26. Bxe5 Rae8 27. Ne6 Rf7
28. Bxc7 Bxc7 29. Nxc7 Qxc7 30. d6 Qd7 31. c5 Rf6 32. Qc3 Rg6 33. Kh1 Qb5 34.
Rd1 Qe2 35. Qd4 Qe1+ 36. Bf1 Be4+ 0-1

[Event "Bayerische Einzelmeisterschaft 2011 Damen"]
[Site "?"]
[Date "2011.08.23"]
[Round "4.6"]
[White "Nietzer, Ingrid"]
[Black "Janekovic, Vera"]
[Result "1-0"]
[WhiteElo "1164"]
[BlackElo "1592"]
[PlyCount "101"]
[EventDate "2011.??.??"]
[WhiteTeam "SK Keres-Augsburg 1980"]
[BlackTeam "FC Bayern München e.V."]

1. e4 e5 2. Nf3 Nc6 3. Bc4 Bc5 4. Nc3 Nf6 5. O-O O-O 6. a3 a6 7. d3 h6 8. b4
Bd4 9. Nxd4 exd4 10. Nd5 d6 11. Nxf6+ Qxf6 12. Bd2 Qg6 13. g3 Bh3 14. Re1 Ne5
15. f3 Qh5 16. g4 Qh4 17. Bf4 h5 18. Bg3 Qf6 19. Bxe5 Qxe5 20. Qe2 hxg4 21.
fxg4 Qg5 22. Kh1 g6 23. Rg1 Kg7 24. Rg3 Rh8 25. Qf3 f5 26. Rxh3 Rxh3 27. Qxh3
Rh8 28. Qf3 Qd2 29. Qg2 Qxg2+ 30. Kxg2 f4 31. Rf1 g5 32. Rh1 Rh4 33. h3 Kf6 34.
a4 c5 35. bxc5 dxc5 36. a5 Ke5 37. Bd5 Rh7 38. Rb1 f3+ 39. Kg3 f2 40. Rf1 Rh6
41. Rxf2 b5 42. Rf5+ Kd6 43. Rxg5 Kc7 44. Rg7+ Kb8 45. Rf7 Kc8 46. Bb7+ Kd8 47.
h4 c4 48. g5 Rg6 49. Rf6 Rxf6 50. gxf6 c3 51. Bxa6 1-0